000 00620nam a22001937a 4500
999 _c5629
_d5629
003 AR-CdUCM
008 190312b ||||| |||| 00| 0 spa d
040 _aMUNICIPALIDAD PROVINCIAL DEL CUSCO
_cBIBLIOTECA MUNICIPAL DEL CUSCO
082 _a985.014 /
_bC23
100 _aCaller Iberico, Clorinda
_916823
245 _aMaría Reich y los dioses de Nasca /
260 _aLima :
_bHorizonte,
_c1984.
300 _a192 páginas ;
_c22 cm.
500 _aDonación familia Nieto Con dedicatoria de la autora
650 _aLineas de Nazca
_916824
650 _aHistoria de Ica
_916825
942 _2ddc
_cLIBROS
945 _aafb